000
00214 a2200097 4500
020
_a
978-0-8249-5447-5
041
_a
spa
100
_a
Stephanie McFetridge Britt
245
_a
Mi primer libro de oraciones
942
_c
BK
999
_c
9095
_d
9095